[Event "Oberliga Nord O 2122"]
[Site "Germany"]
[Date "2022.05.29"]
[Round "5.1"]
[White "Glantz, Robert"]
[Black "Hoffmann, Udo"]
[Result "1/2-1/2"]
[WhiteElo "2314"]
[BlackElo "2314"]
[PlyCount "32"]
[EventDate "2021.10.31"]
[EventType "team-tourn"]
[EventRounds "9"]
[EventCountry "GER"]
[SourceTitle "EXT 2024"]
[Source "ChessBase"]
[SourceDate "2023.10.10"]
[SourceVersion "1"]
[SourceVersionDate "2023.10.10"]
[SourceQuality "1"]
[WhiteTeam "Kreuzberg"]
[BlackTeam "Berlin SF III"]
[WhiteTeamCountry "GER"]
[BlackTeamCountry "GER"]

1. e4 c5 2. Nf3 e6 3. d4 cxd4 4. Nxd4 Nc6 5. Bf4 a6 6. Nxc6 bxc6 7. Bd3 Qf6 8. Qc1 e5 9. Bg5 Qe6 10. 0-0 Bc5 11. Nd2 h6 12. Be3 Bxe3 13. fxe3 Ne7 14. Bc4 d5 15. Bb3 0-0 16. c4 dxe4 1/2-1/2

[Event "BL2-Nord 2122"]
[Site "Germany"]
[Date "2022.05.15"]
[Round "6.7"]
[White "Hoffmann, Udo"]
[Black "Kandic, Milan"]
[Result "1-0"]
[WhiteElo "2305"]
[BlackElo "2037"]
[PlyCount "87"]
[EventDate "2022.03.05"]
[EventType "team-tourn"]
[EventRounds "10"]
[EventCountry "GER"]
[SourceTitle "EXT 2023"]
[Source "ChessBase"]
[SourceDate "2022.10.05"]
[SourceVersion "1"]
[SourceVersionDate "2022.10.05"]
[SourceQuality "1"]
[WhiteTeam "Berlin SF II"]
[BlackTeam "Lingen"]
[WhiteTeamCountry "GER"]
[BlackTeamCountry "GER"]

1. e4 d6 2. Nc3 e5 3. f4 Nf6 4. Nf3 Nc6 5. Bb5 exf4 6. d4 Bd7 7. Bxf4 Be7 8. Qe2 0-0 9. d5 Nb8 10. 0-0-0 Bxb5 11. Qxb5 Nbd7 12. Qxb7 Nc5 13. Qb4 Rb8 14. Qc4 a5 15. Nd4 Rb4 16. Qe2 Qa8 17. a3 Rb6 18. Nc6 Re8 19. Rhe1 Bf8 20. Qf3 Nfd7 21. Rf1 f6 22. g4 Ne5 23. Bxe5 dxe5 24. g5 Nd7 25. Qg4 Qc8 26. gxf6 Nxf6 27. Qxc8 Rxc8 28. Nxa5 Ra6 29. Nc6 Ng4 30. Rd3 Nxh2 31. Rg1 h5 32. Rh1 Ng4 33. Rxh5 g6 34. Rh4 Nf6 35. Rg3 Kg7 36. Nxe5 Ng8 37. Rhg4 Ne7 38. Ne2 Kh7 39. Rh3+ Bh6+ 40. Kb1 Kg7 41. Nd4 Bd2 42. Ne6+ Kf6 43. Nd7+ Kf7 44. Rh7+ 1-0

[Event "Oberliga Nord O 2122"]
[Site "Germany"]
[Date "2022.04.03"]
[Round "8.1"]
[White "Leniart, Arkadiusz"]
[Black "Hoffmann, Udo"]
[Result "1-0"]
[WhiteElo "2465"]
[BlackElo "2314"]
[PlyCount "49"]
[EventDate "2021.10.31"]
[EventType "team-tourn"]
[EventRounds "9"]
[EventCountry "GER"]
[SourceTitle "EXT 2023"]
[Source "ChessBase"]
[SourceDate "2022.10.05"]
[SourceVersion "1"]
[SourceVersionDate "2022.10.05"]
[SourceQuality "1"]
[WhiteTeam "Glueck Auf Ruedersdorf"]
[BlackTeam "Berlin SF III"]
[WhiteTeamCountry "GER"]
[BlackTeamCountry "GER"]

1. e4 c5 2. Nf3 e6 3. d4 cxd4 4. Nxd4 Nc6 5. Nc3 Qc7 6. g3 a6 7. Bg2 Nf6 8. 0-0 Nxd4 9. Qxd4 Bc5 10. Bf4 d6 11. Qd2 h6 12. Rad1 0-0 13. Bxd6 Bxd6 14. Qxd6 Qxd6 15. Rxd6 Ng4 16. Rfd1 b5 17. e5 Rb8 18. Re1 b4 19. Na4 Rb5 20. f4 h5 21. Bc6 Rb8 22. Nc5 Nh6 23. Red1 Rb6 24. Ba4 Rb8 25. Rd8 1-0

[Event "Oberliga Nord O 2122"]
[Site "Germany"]
[Date "2021.12.12"]
[Round "3.1"]
[White "Luther, Alexander"]
[Black "Hoffmann, Udo"]
[Result "1-0"]
[WhiteElo "2065"]
[BlackElo "2314"]
[PlyCount "67"]
[EventDate "2021.10.31"]
[EventType "team-tourn"]
[EventRounds "9"]
[EventCountry "GER"]
[SourceTitle "EXT 2023"]
[Source "ChessBase"]
[SourceDate "2022.10.05"]
[SourceVersion "1"]
[SourceVersionDate "2022.10.05"]
[SourceQuality "1"]
[WhiteTeam "Guestrow/Teterow"]
[BlackTeam "Berlin SF III"]
[WhiteTeamCountry "GER"]
[BlackTeamCountry "GER"]

1. d4 Nf6 2. c4 e6 3. Nc3 c5 4. d5 exd5 5. cxd5 d6 6. e4 g6 7. f4 Bg7 8. Bb5+ Nfd7 9. Be2 0-0 10. Nf3 Re8 11. 0-0 Na6 12. Bd2 Nc7 13. Be1 b5 14. e5 dxe5 15. d6 Ne6 16. Bh4 f6 17. fxe5 g5 18. exf6 Bxf6 19. Bg3 a6 20. Nd5 Bb7 21. Nxf6+ Nxf6 22. Ne5 Nd4 23. Bh5 Rf8 24. b4 Qxd6 25. Ng6 Qe6 26. Nxf8 Rxf8 27. bxc5 Rd8 28. Bd6 Qe3+ 29. Kh1 Ne4 30. Bf7+ Kg7 31. Be5+ Kf8 32. Bd5+ Nf2+ 33. Rxf2+ Qxf2 34. Bxd4 1-0

[Event "Oberliga Nord O 1920"]
[Site "Germany"]
[Date "2020.03.01"]
[Round "7.2"]
[White "Hoffmann, Udo"]
[Black "Stubbe, Wilko"]
[Result "1/2-1/2"]
[WhiteElo "2299"]
[BlackElo "2214"]
[PlyCount "97"]
[EventDate "2019.09.29"]
[EventType "team-tourn"]
[EventRounds "9"]
[EventCountry "GER"]
[SourceTitle "CBM 195 Extra"]
[Source "ChessBase"]
[SourceDate "2020.05.31"]
[SourceVersion "1"]
[SourceVersionDate "2020.05.31"]
[SourceQuality "1"]

1. e4 e6 2. d4 d5 3. Nc3 Nf6 4. e5 Nfd7 5. f4 c5 6. Nf3 Nc6 7. Be3 Qb6 8. a3 cxd4 9. Nxd4 Nxd4 10. Bxd4 Bc5 11. Na4 Qa5+ 12. b4 Qxa4 13. bxc5 0-0 14. c4 Qc6 15. cxd5 exd5 16. Rc1 f6 17. exf6 Nxf6 18. Be2 Bf5 19. 0-0 Qe6 20. h3 Be4 21. Rc3 Rac8 22. Rg3 Rc7 23. Qa1 Kh8 24. Rg5 h6 25. Re5 Qf7 26. f5 Re7 27. a4 a6 28. Qb2 Rxe5 29. Bxe5 Qd7 30. Qd4 Rf7 31. g4 Qc6 32. a5 Kh7 33. h4 Nd7 34. Bd6 Rf6 35. Be7 Rf7 36. Bd6 Rf6 37. Rd1 Rf7 38. Rd2 Qc8 39. Bf1 Qd8 40. Qf2 Qxa5 41. Rb2 Qa1 42. Rxb7 Qc3 43. Qb2 Qe3+ 44. Qf2 Qc3 45. Qb2 Qf3 46. Qg2 Qd1 47. Qe2 Qd4+ 48. Qf2 Qc3 49. Qb2 1/2-1/2

[Event "Oberliga Nord O 1920"]
[Site "Germany"]
[Date "2019.12.08"]
[Round "4.4"]
[White "Hoffmann, Udo"]
[Black "Urban, Julian"]
[Result "1-0"]
[WhiteElo "2299"]
[BlackElo "2239"]
[PlyCount "101"]
[EventDate "2019.09.29"]
[EventType "team-tourn"]
[EventRounds "9"]
[EventCountry "GER"]
[SourceTitle "CBM 195 Extra"]
[Source "ChessBase"]
[SourceDate "2020.05.31"]
[SourceVersion "1"]
[SourceVersionDate "2020.05.31"]
[SourceQuality "1"]

1. e4 Nc6 2. Nc3 Nf6 3. d4 d6 4. d5 Nb8 5. Nf3 g6 6. Be3 Bg7 7. Qd2 0-0 8. Bh6 c6 9. a4 Qb6 10. Bxg7 Kxg7 11. Nd4 a5 12. Bc4 Qb4 13. b3 Nbd7 14. dxc6 Ne5 15. Bb5 bxc6 16. Nxc6 Nxc6 17. Bxc6 Bb7 18. Bxb7 Qxb7 19. Qd3 Rfc8 20. 0-0-0 Rab8 21. f3 Qb4 22. Kb2 Rc5 23. Nb5 Rcc8 24. g4 Kg8 25. h4 Nd7 26. Qd4 Rxb5 27. axb5 Qxb5 28. h5 g5 29. Qd5 Qe2 30. Qxg5+ Kh8 31. Qd2 Qxf3 32. Qxa5 Qxe4 33. Qd2 Ne5 34. g5 Nf3 35. Qd3 Qe5+ 36. c3 Nxg5 37. Rde1 Qg7 38. h6 Qf8 39. Qf5 Rc5 40. Qd7 Ne6 41. Ref1 Re5 42. Rh2 Nc5 43. Qg4 f5 44. Qg2 Nd3+ 45. Kb1 Nc5 46. Rg1 Ne6 47. Qf3 f4 48. Rhg2 Qb8 49. Qb7 Re1+ 50. Kc2 Re2+ 51. Kd1 1-0

[Event "Berlin Cup"]
[Site "Berlin"]
[Date "2019.06.15"]
[Round "4.1"]
[White "Baumbach, Friedrich"]
[Black "Hoffmann, Udo"]
[Result "0-1"]
[WhiteElo "2010"]
[BlackElo "2273"]
[PlyCount "78"]
[EventDate "2019.05.05"]
[EventType "team-k.o."]
[EventRounds "5"]
[EventCountry "GER"]
[SourceTitle "EXT 2020"]
[Source "ChessBase"]
[SourceDate "2019.10.17"]
[SourceVersion "1"]
[SourceVersionDate "2019.10.17"]
[SourceQuality "1"]
[WhiteTeam "Lichtenberg Friesen"]
[BlackTeam "Berlin SF"]
[WhiteTeamCountry "GER"]
[BlackTeamCountry "GER"]

1. d4 Nf6 2. c4 e6 3. Nf3 c5 4. Nc3 cxd4 5. Nxd4 a6 6. e4 d6 7. Be2 b6 8. 0-0 Bb7 9. f3 Be7 10. Qa4+ Nfd7 11. Be3 0-0 12. Rfd1 Re8 13. Bf2 Qc7 14. Rac1 Nf6 15. Qc2 Nbd7 16. b4 Rac8 17. a3 Qb8 18. Qd2 Bd8 19. Bg3 Nh5 20. Bf2 h6 21. Kh1 Bc7 22. g4 Nhf6 23. g5 hxg5 24. Qxg5 d5 25. Rg1 g6 26. exd5 Bf4 27. Qh4 exd5 28. Rcd1 dxc4 29. Bg3 Bxg3 30. Rxg3 Re5 31. Qh3 Rh5 32. Qg2 Ne5 33. Rg5 Rxg5 34. Qxg5 Neg4 35. Qh4 Qf4 36. Kg1 Qe3+ 37. Kf1 Qxc3 38. fxg4 Nd5 39. Nf5 gxf5 0-1

[Event "Oberliga Nord O 1819"]
[Site "Germany"]
[Date "2019.02.24"]
[Round "7.3"]
[White "Hoffmann, Udo"]
[Black "Meissner, Hans Juergen"]
[Result "1/2-1/2"]
[WhiteElo "2255"]
[BlackElo "2226"]
[PlyCount "52"]
[EventDate "2018.10.21"]
[EventType "team-tourn"]
[EventRounds "9"]
[EventCountry "GER"]
[SourceTitle "EXT 2020"]
[Source "ChessBase"]
[SourceDate "2019.10.17"]
[SourceVersion "1"]
[SourceVersionDate "2019.10.17"]
[SourceQuality "1"]
[WhiteTeam "Berlin SF III"]
[BlackTeam "Berlin Empor"]
[WhiteTeamCountry "GER"]
[BlackTeamCountry "GER"]

1. e4 c5 2. b3 g6 3. Bb2 Nf6 4. Nc3 d6 5. g3 Bg7 6. Bg2 0-0 7. Nge2 e5 8. 0-0 Nc6 9. f4 Nd4 10. h3 Rb8 11. g4 Ne8 12. f5 Nc7 13. Kh1 b5 14. Nd5 Nxd5 15. exd5 Nxe2 16. Qxe2 Bf6 17. Be4 Kg7 18. Rf3 g5 19. a4 b4 20. Rg1 h6 21. d3 Rh8 22. Bc1 Bb7 23. h4 Qd7 24. Rh3 Rbg8 25. hxg5 hxg5 26. Rgg3 Qd8 1/2-1/2

[Event "Oberliga Nord O 1819"]
[Site "Germany"]
[Date "2019.02.03"]
[Round "6.3"]
[White "Postler, Reinhard"]
[Black "Hoffmann, Udo"]
[Result "1/2-1/2"]
[WhiteElo "2255"]
[BlackElo "2255"]
[PlyCount "89"]
[EventDate "2018.10.21"]
[EventType "team-tourn"]
[EventRounds "9"]
[EventCountry "GER"]
[SourceTitle "EXT 2020"]
[Source "ChessBase"]
[SourceDate "2019.10.17"]
[SourceVersion "1"]
[SourceVersionDate "2019.10.17"]
[SourceQuality "1"]
[WhiteTeam "Oberschoeneweide"]
[BlackTeam "Berlin SF III"]
[WhiteTeamCountry "GER"]
[BlackTeamCountry "GER"]

1. e4 c5 2. Nf3 e6 3. d4 cxd4 4. Nxd4 Nc6 5. Nc3 a6 6. Be2 Nge7 7. Nb3 b5 8. 0-0 Na5 9. Nxa5 Qxa5 10. Be3 Nc6 11. a3 Be7 12. f4 Qc7 13. Kh1 Bb7 14. Qe1 Na5 15. Bd4 0-0 16. Qg3 f6 17. Rad1 Nc4 18. Bxc4 Qxc4 19. Rf3 a5 20. Bg1 Qc6 21. Rfd3 Rad8 22. Qf2 b4 23. axb4 axb4 24. Ne2 Ba6 25. R3d2 Qxe4 26. Ng3 Qc6 27. Qb6 Bb5 28. Ne4 d5 29. Qxc6 Bxc6 30. Nc5 Bd7 31. Re2 Kf7 32. Rde1 Rfe8 33. Nxe6 Bxe6 34. Rxe6 Bd6 35. Rxe8 Rxe8 36. Rxe8 Kxe8 37. g3 Kd7 38. Kg2 Kc6 39. Be3 Kb5 40. b3 Bc5 41. Kf3 f5 42. Bd2 g6 43. h3 Bd4 44. Ke2 Kc5 45. Be1 1/2-1/2

[Event "Oberliga Nord O 1819"]
[Site "Germany"]
[Date "2019.01.20"]
[Round "5.3"]
[White "Moritz, Aron"]
[Black "Hoffmann, Udo"]
[Result "0-1"]
[WhiteElo "2194"]
[BlackElo "2255"]
[PlyCount "72"]
[EventDate "2018.10.21"]
[EventType "team-tourn"]
[EventRounds "9"]
[EventCountry "GER"]
[SourceTitle "EXT 2020"]
[Source "ChessBase"]
[SourceDate "2019.10.17"]
[SourceVersion "1"]
[SourceVersionDate "2019.10.17"]
[SourceQuality "1"]
[WhiteTeam "Kreuzberg"]
[BlackTeam "Berlin SF III"]
[WhiteTeamCountry "GER"]
[BlackTeamCountry "GER"]

1. e4 c5 2. Nf3 e6 3. d4 cxd4 4. Nxd4 a6 5. Bd3 Ne7 6. 0-0 Nbc6 7. Nb3 Ng6 8. f4 Be7 9. Nc3 d6 10. Qh5 Bf6 11. Be3 b5 12. Rad1 Bxc3 13. bxc3 Qc7 14. c4 bxc4 15. Bxc4 0-0 16. Rf3 Re8 17. Rg3 Nce7 18. Bd3 f5 19. Rh3 h6 20. Rg3 Kh7 21. Nd4 Rf8 22. Nf3 e5 23. exf5 Bxf5 24. Ng5+ Kg8 25. fxe5 Nxe5 26. Ne4 Bg6 27. Qe2 Nf5 28. Rh3 Rae8 29. Bxa6 Nxe3 30. Rxe3 Qa7 31. Kh1 Bh5 32. Qxh5 Qxe3 33. Nxd6 Ng4 34. Qd5+ Kh8 35. g3 Qf2 36. Qd2 Re1+ 0-1

[Event "Oberliga Nord O 1819"]
[Site "Germany"]
[Date "2018.11.11"]
[Round "2.3"]
[White "Hoffmann, Udo"]
[Black "Hansch, Stephan"]
[Result "1-0"]
[WhiteElo "2255"]
[BlackElo "2208"]
[PlyCount "106"]
[EventDate "2018.10.21"]
[EventType "team-tourn"]
[EventRounds "9"]
[EventCountry "GER"]
[SourceTitle "EXT 2020"]
[Source "ChessBase"]
[SourceDate "2019.10.17"]
[SourceVersion "1"]
[SourceVersionDate "2019.10.17"]
[SourceQuality "1"]
[WhiteTeam "Berlin SF III"]
[BlackTeam "Potsdam Empor"]
[WhiteTeamCountry "GER"]
[BlackTeamCountry "GER"]

1. e4 c5 2. Nf3 d6 3. Bb5+ Bd7 4. c4 g6 5. d4 Nf6 6. Nc3 cxd4 7. Nxd4 Bg7 8. 0-0 0-0 9. h3 a6 10. Bxd7 Nbxd7 11. a4 Rc8 12. b3 Qa5 13. Bb2 Nc5 14. Re1 Rfe8 15. Re3 Bh6 16. Re2 Bg7 17. Re3 Bh6 18. Re2 Bg7 19. Rb1 Nh5 20. Ba1 Qd8 21. g3 Qd7 22. Kh2 e5 23. Nc2 Ne6 24. Nd5 Ng5 25. Qf1 Rc5 26. g4 Nf6 27. Nxf6+ Bxf6 28. f4 Ne6 29. f5 Nf4 30. Rf2 Bh4 31. Rd2 b5 32. axb5 axb5 33. Ne3 Qa7 34. Bb2 b4 35. Nc2 Qb7 36. Qf3 Be7 37. Ra1 Rc6 38. Ra4 Rb6 39. Rd1 Ra8 40. Rxa8+ Qxa8 41. Ra1 Qb7 42. Bc1 Bg5 43. Bb2 Kf8 44. Ra4 gxf5 45. gxf5 d5 46. Bxe5 dxe4 47. Qg4 Nxh3 48. Kxh3 Rh6+ 49. Kg3 Bh4+ 50. Kf4 f6 51. Bd6+ Kf7 52. Qd1 Bg5+ 53. Kg4 Rh2 1-0

[Event "Berlin CupT"]
[Site "Berlin"]
[Date "2018.05.27"]
[Round "3.3"]
[White "Hoffmann, Udo"]
[Black "Gazmaga, Stefan"]
[Result "1-0"]
[WhiteElo "2274"]
[BlackElo "2156"]
[PlyCount "76"]
[EventDate "2018.05.27"]
[EventType "team-k.o."]
[EventRounds "5"]
[EventCountry "GER"]
[SourceTitle "EXT 2022"]
[Source "ChessBase"]
[SourceDate "2021.10.06"]
[SourceVersion "1"]
[SourceVersionDate "2021.10.06"]
[SourceQuality "1"]
[WhiteTeam "Berlin SF"]
[BlackTeam "Berlin Makkabi"]
[WhiteTeamCountry "GER"]
[BlackTeamCountry "GER"]

1. e4 g6 2. d4 Bg7 3. Nc3 e6 4. Be3 Ne7 5. f4 0-0 6. Nf3 b6 7. Qd2 Bb7 8. Bd3 f5 9. e5 Bxf3 10. gxf3 d5 11. Qf2 a6 12. h4 h5 13. 0-0 Nd7 14. Ne2 Kf7 15. b3 Qb8 16. c4 Rc8 17. Rac1 Qb7 18. Rfd1 b5 19. cxb5 axb5 20. Nc3 c6 21. Rc2 Nb6 22. Rdc1 Ra5 23. Re2 Rca8 24. Kh2 Bf8 25. Bb1 Nec8 26. Rg1 Ba3 27. Qg3 Ne7 28. Nd1 Nd7 29. Nf2 Nf8 30. Nh3 Qd7 31. Reg2 Ke8 32. Qe1 R5a7 33. Nf2 Qd8 34. Nd3 Kf7 35. Qe2 Nd7 36. Qf2 Rc8 37. b4 Nb6 38. Rg5 Na4 1-0

[Event "BEL-chT 1617"]
[Site "Belgium"]
[Date "2017.02.19"]
[Round "8.5"]
[White "Marcziter, Dmitrii"]
[Black "Hoffmann, Udo"]
[Result "1/2-1/2"]
[WhiteElo "2275"]
[BlackElo "2239"]
[PlyCount "140"]
[EventDate "2016.10.02"]
[EventType "team-tourn"]
[EventRounds "11"]
[EventCountry "BEL"]
[SourceTitle "EXT 2018"]
[Source "ChessBase"]
[SourceDate "2017.10.13"]
[SourceVersion "1"]
[SourceVersionDate "2017.10.13"]
[SourceQuality "1"]
[WhiteTeam "KSK Rochade"]
[BlackTeam "The Belgian CC"]
[WhiteTeamCountry "BEL"]
[BlackTeamCountry "BEL"]

1. d4 Nf6 2. c4 e6 3. Nf3 c5 4. Nc3 cxd4 5. Nxd4 a6 6. e4 Qc7 7. Be2 b6 8. Be3 Bb7 9. f3 Be7 10. Qd2 d6 11. 0-0 0-0 12. Rfc1 Re8 13. a4 Nbd7 14. a5 Rac8 15. Na4 bxa5 16. Nb3 Bd8 17. Nc3 Qb8 18. Nxa5 Ba8 19. Na4 Bc7 20. Kh1 d5 21. cxd5 exd5 22. Nc6 Bxc6 23. Rxc6 Bxh2 24. Rxc8 Rxc8 25. exd5 Re8 26. Nc3 Nh5 27. g4 Ng3+ 28. Kg2 Nxe2 29. Nxe2 Ne5 30. Ra4 Ng6 31. Kf2 Be5 32. Re4 Rd8 33. f4 Bf6 34. b4 Qb5 35. Bc5 h6 36. d6 a5 37. Nc3 Qc6 38. Nd5 axb4 39. Bxb4 Bh4+ 40. Kg1 Kh7 41. Rd4 Qd7 42. Ne3 Re8 43. Qd3 Bd8 44. Bc5 Qc6 45. Rd5 Bb6 46. Bxb6 Qxb6 47. Rd4 Kg8 48. d7 Rd8 49. Re4 Qb8 50. Nf5 Qa7+ 51. Qd4 Rxd7 52. Qxa7 Rxa7 53. Kf2 Rd7 54. Ke2 Kh7 55. Ke3 Ra7 56. Kf2 Nf8 57. Nd6 Rd7 58. Nc4 Ra7 59. Nd6 Ne6 60. f5 Ng5 61. Rb4 Ra2+ 62. Kg3 Ra3+ 63. Kg2 Rd3 64. Ne4 Nxe4 65. Rxe4 h5 66. gxh5 f6 67. Re8 Rb3 68. Rd8 Kh6 69. Rh8+ Kg5 70. Rh7 Ra3 1/2-1/2

[Event "BEL-chT 1617"]
[Site "Belgium"]
[Date "2017.01.29"]
[Round "6.6"]
[White "Hoffmann, Udo"]
[Black "Tjiam, Dharma"]
[Result "0-1"]
[WhiteElo "2239"]
[BlackElo "2382"]
[PlyCount "46"]
[EventDate "2016.10.02"]
[EventType "team-tourn"]
[EventRounds "11"]
[EventCountry "BEL"]
[SourceTitle "EXT 2018"]
[Source "ChessBase"]
[SourceDate "2017.10.13"]
[SourceVersion "1"]
[SourceVersionDate "2017.10.13"]
[SourceQuality "1"]
[WhiteTeam "The Belgian CC"]
[BlackTeam "KGSRL"]
[WhiteTeamCountry "BEL"]
[BlackTeamCountry "BEL"]

1. e4 d6 2. d4 Nf6 3. Nc3 g6 4. Bc4 Bg7 5. Qe2 Nc6 6. e5 Nd7 7. Nf3 Nb6 8. Bb5 0-0 9. Bxc6 bxc6 10. Qe4 Bf5 11. Qh4 Qd7 12. Bh6 f6 13. Bxg7 Kxg7 14. 0-0-0 Nd5 15. exf6+ exf6 16. Nxd5 cxd5 17. Ne1 Rfe8 18. f3 Qa4 19. g4 Re2 20. Rd2 Rxd2 21. Kxd2 Qxd4+ 22. Kc1 Rb8 23. b3 Re8 0-1

[Event "BL2-Nord 1617"]
[Site "Germany"]
[Date "2016.11.20"]
[Round "2.7"]
[White "Hoffmann, Udo"]
[Black "Zierke, Oliver"]
[Result "1/2-1/2"]
[WhiteElo "2242"]
[BlackElo "2233"]
[PlyCount "125"]
[EventDate "2016.10.16"]
[EventType "team-tourn"]
[EventRounds "9"]
[EventCountry "GER"]
[SourceTitle "EXT 2018"]
[Source "ChessBase"]
[SourceDate "2017.10.13"]
[SourceVersion "1"]
[SourceVersionDate "2017.10.13"]
[SourceQuality "1"]
[WhiteTeam "Berlin SF II"]
[BlackTeam "Norderstedt"]
[WhiteTeamCountry "GER"]
[BlackTeamCountry "GER"]

1. e4 c5 2. Nf3 d6 3. c3 Nf6 4. Bd3 g6 5. 0-0 Bg7 6. Re1 0-0 7. Bc2 b6 8. d4 Bb7 9. d5 Na6 10. c4 Nc7 11. Nc3 e6 12. Bg5 h6 13. Bh4 e5 14. Nd2 a6 15. a4 Qd7 16. Qe2 Nh5 17. Rab1 a5 18. Nf1 Na6 19. Rbd1 Nb4 20. Bb1 f5 21. exf5 Nf4 22. Qd2 gxf5 23. Bg3 Nh5 24. f4 Nxg3 25. Nxg3 e4 26. Nf1 Rae8 27. Kh1 Re7 28. Ne3 Bc8 29. b3 Kh8 30. Ne2 Ree8 31. Rg1 Qe7 32. Rge1 Qh4 33. Rf1 Rg8 34. g3 Qh5 35. Nc3 Bf6 36. Ne2 Re7 37. Rf2 Nd3 38. Rg2 Rge8 39. Rdg1 Rg8 40. Bc2 Nb4 41. Bd1 Qe8 42. Nc3 Reg7 43. Nb5 Qe7 44. Be2 Kh7 45. h3 Rg6 46. Bh5 R6g7 47. g4 fxg4 48. Bxg4 Bd7 49. Qe2 Nd3 50. Nf5 Bxf5 51. Bxf5+ Kh8 52. Qh5 Nf2+ 53. Kh2 Rxg2+ 54. Rxg2 Rxg2+ 55. Kxg2 Qg7+ 56. Kxf2 Bd4+ 57. Nxd4 Qxd4+ 58. Kf1 Qa1+ 59. Ke2 Qb2+ 60. Kf1 Qa1+ 61. Kf2 Qd4+ 62. Ke1 Qc3+ 63. Kf1 1/2-1/2

[Event "BEL-chT 1617"]
[Site "Belgium"]
[Date "2016.10.02"]
[Round "1.5"]
[White "Hoffmann, Udo"]
[Black "Ismaili, Afrim"]
[Result "1/2-1/2"]
[WhiteElo "2239"]
[BlackElo "2374"]
[PlyCount "70"]
[EventDate "2016.10.02"]
[EventType "team-tourn"]
[EventRounds "11"]
[EventCountry "BEL"]
[SourceTitle "EXT 2017"]
[Source "ChessBase"]
[SourceDate "2016.10.25"]
[SourceVersion "1"]
[SourceVersionDate "2016.10.25"]
[SourceQuality "1"]
[WhiteTeam "The Belgian CC"]
[BlackTeam "KBSK Brugge"]
[WhiteTeamCountry "BEL"]
[BlackTeamCountry "BEL"]

1. e4 e5 2. f4 exf4 3. Nf3 Ne7 4. Bc4 c6 5. d4 d5 6. exd5 Nxd5 7. 0-0 Be6 8. Bxd5 cxd5 9. Bxf4 Be7 10. Nbd2 0-0 11. Nb3 Qc8 12. Qe2 Qc4 13. Qf2 Nd7 14. Rae1 Rfe8 15. c3 Nf6 16. Qc2 Qa6 17. Ng5 Ne4 18. Nxe6 Qxe6 19. Nd2 f5 20. Qb3 b6 21. Nxe4 fxe4 22. Be5 Bh4 23. g3 Bg5 24. Kg2 Rac8 25. Qa3 a5 26. Qd6 Qxd6 27. Bxd6 Re6 28. Rf5 Rxd6 29. Rxg5 b5 30. a3 b4 31. axb4 axb4 32. Ra1 bxc3 33. bxc3 h6 34. Re5 Rxc3 35. Ra5 Kf7 1/2-1/2

[Event "Oberliga Nord O 1516"]
[Site "Germany"]
[Date "2016.03.13"]
[Round "8.4"]
[White "Salzberg, Gregor"]
[Black "Hoffmann, Udo"]
[Result "0-1"]
[WhiteElo "2151"]
[BlackElo "2220"]
[PlyCount "107"]
[EventDate "2015.09.20"]
[EventType "team-tourn"]
[EventRounds "9"]
[EventCountry "GER"]
[SourceTitle "EXT 2017"]
[Source "ChessBase"]
[SourceDate "2016.10.25"]
[SourceVersion "1"]
[SourceVersionDate "2016.10.25"]
[SourceQuality "1"]
[WhiteTeam "Oberschoeneweide"]
[BlackTeam "Berlin SF"]
[WhiteTeamCountry "GER"]
[BlackTeamCountry "GER"]

1. d4 Nf6 2. c4 e6 3. Nc3 c5 4. d5 exd5 5. cxd5 d6 6. e4 g6 7. f4 Bg7 8. e5 dxe5 9. fxe5 Nh5 10. Bb5+ Bd7 11. Nf3 0-0 12. 0-0 Bg4 13. Bg5 Qxg5 14. Nxg5 Bxd1 15. Raxd1 Bxe5 16. d6 Nc6 17. Bc4 Bd4+ 18. Kh1 Ne5 19. Be2 Ng7 20. Nd5 Nf5 21. Ne4 Nc6 22. g4 Ne3 23. Nxe3 Bxe3 24. Rd5 Rad8 25. a3 Kg7 26. Bf3 Rfe8 27. Kg2 b6 28. Rfd1 Bd4 29. Nc3 Ne5 30. Nb5 Nc4 31. R1xd4 cxd4 32. Rxd4 Ne5 33. Bd5 Rd7 34. g5 Red8 35. Re4 Nd3 36. Rd4 a6 37. Bc6 Ne1+ 38. Kf2 Nc2 39. Rd2 axb5 40. Bxd7 Rxd7 41. Rxc2 Rxd6 42. Re2 Rc6 43. Ke3 h6 44. h4 hxg5 45. hxg5 Rc5 46. Kf4 b4 47. Re4 bxa3 48. bxa3 Rf5+ 49. Kg4 Ra5 50. a4 Kf8 51. Rf4 Ra6 52. Re4 Kg7 53. Rc4 Ra5 54. Rc6 0-1

[Event "GER CupT 1516"]
[Site "Berlin"]
[Date "2016.03.06"]
[Round "2.3"]
[White "Bohnsack, Ralf"]
[Black "Hoffmann, Udo"]
[Result "1-0"]
[WhiteElo "2155"]
[BlackElo "2223"]
[PlyCount "71"]
[EventDate "2016.03.05"]
[EventType "team-k.o."]
[EventRounds "2"]
[EventCountry "GER"]
[SourceTitle "EXT 2022"]
[Source "ChessBase"]
[SourceDate "2021.10.06"]
[SourceVersion "1"]
[SourceVersionDate "2021.10.06"]
[SourceQuality "1"]
[WhiteTeam "Norderstedt"]
[BlackTeam "Berlin SF"]
[WhiteTeamCountry "GER"]
[BlackTeamCountry "GER"]

1. d4 Nf6 2. Nf3 e6 3. c4 c5 4. d5 exd5 5. cxd5 d6 6. Nc3 g6 7. e4 Bg7 8. Bg5 0-0 9. Nd2 b6 10. Be2 Ba6 11. 0-0 Bxe2 12. Qxe2 a6 13. a4 Nbd7 14. f4 Re8 15. Nc4 Qc7 16. Qf3 h6 17. Bh4 Nh7 18. e5 dxe5 19. d6 Qa7 20. Nd5 e4 21. Qh3 Nhf8 22. f5 g5 23. f6 Nxf6 24. Nxf6+ Bxf6 25. Rxf6 gxh4 26. Raf1 Ng6 27. d7 Re7 28. Nxb6 c4 29. a5 Rd8 30. Kh1 Rexd7 31. Nxd7 Rxd7 32. Rxa6 Qd4 33. Ra8+ Kh7 34. Re8 Qd3 35. Qf5 h3 36. Qxf7+ 1-0

[Event "Oberliga Nord O 1516"]
[Site "Germany"]
[Date "2015.12.13"]
[Round "4.6"]
[White "Hoffmann, Udo"]
[Black "Sawlin, Michail"]
[Result "0-1"]
[WhiteElo "2234"]
[BlackElo "2194"]
[PlyCount "57"]
[EventDate "2015.09.20"]
[EventType "team-tourn"]
[EventRounds "9"]
[EventCountry "GER"]
[SourceTitle "CBM 170 Extra"]
[Source "ChessBase"]
[SourceDate "2016.02.25"]
[SourceVersion "1"]
[SourceVersionDate "2016.02.25"]
[SourceQuality "1"]
[WhiteTeam "Berlin SF"]
[BlackTeam "Makkabi Berlin"]
[WhiteTeamCountry "GER"]
[BlackTeamCountry "GER"]

1. e4 e6 2. d4 d5 3. Nc3 Nf6 4. e5 Nfd7 5. f4 c5 6. Nf3 Nc6 7. Be3 cxd4 8. Nxd4 Nxd4 9. Bxd4 Bc5 10. Bxc5 Nxc5 11. Qd4 b6 12. Bb5+ Bd7 13. Be2 0-0 14. 0-0 Rc8 15. Rad1 Qc7 16. Bf3 b5 17. a3 Qb6 18. Bxd5 exd5 19. Nxd5 Qd8 20. f5 f6 21. exf6 gxf6 22. b4 Na4 23. Qxa7 Rf7 24. Qd4 Bc6 25. Qg4+ Rg7 26. Qe4 Bxd5 27. Rxd5 Qb6+ 28. Kh1 Nc3 29. Rxb5 0-1